| 000 | 00950nam a2200289Ia 4500 | ||
|---|---|---|---|
| 003 | OSt | ||
| 005 | 20221007122500.0 | ||
| 006 | a|||||r|||| 00| 0 | ||
| 007 | ta | ||
| 008 | 221006b |||||||| |||| 00| 0 eng d | ||
| 020 | _a9788184894141 (pbk) | ||
| 024 | _a102305 | ||
| 037 |
_b2830, 14/06/2010, New India Book Agency _cTextbook |
||
| 040 |
_aPAPL _cPAPL _beng |
||
| 041 |
_2eng _aeng |
||
| 082 | _aC295, L01;N6;2 Carpa | ||
| 100 |
_aGreiner Walter _9466791 |
||
| 245 | 0 |
_aNuclear models _b Maruhn Joachim |
|
| 260 |
_aBerlin _bSpringer _c1996 |
||
| 300 |
_axvi, 375p. _ccm. |
||
| 500 | _aAppendix 359-362p.; References 363-368p.; Index 369-375p. | ||
| 650 |
_a Nuclear physics _9543687 |
||
| 650 | _aPhysics | ||
| 700 |
_a Maruhn Joachim _9714463 |
||
| 942 |
_hC295, L01;N6;2 Carpa _cTB _2CC |
||
| 999 |
_c1210428 _d1210428 |
||